00513nam a2200169Ia 4500003000900000008004100009040001600050080001600066100001900082245004800101260005100149300001000200490005700210650001800267650001500285650004300300IN-BaIIA211028s9999 xx 000 0 eng d cIIA Library a524.83bHEI aHeidmann, Jean 0aIntroduction a la cosmologiecJean Hiedmann aFrancebPresses Universitaires De Francec1973 a238p. aLe Physicien Section Dirigee Par Hubert Curien; v. 7 a Cosmology  a Universe aAstronomy and astrophysics thesaurus